000 00671nam a2200241Ia 4500
003 OSt
005 20221005024401.0
006 a|||||r|||| 00| 0
007 ta
008 221004b |||||||| |||| 00| 0 eng d
024 _a18156
037 _bGift, 28/05/2015,
_cTextual
040 _aCRL
_cCRL
_beng
041 _2eng
_aeng
082 _aO111,3L75,MP, K5
100 _aAusten Jane
245 0 _aMansfield park
260 _aBoston
_bHoughton Mifflin Company USA
_c1965
300 _axxxiii,360p.
_ccm.
650 _aENGLISH LITERATURE
942 _hO111,3L75,MP, K5
_cTEXL
_2cc
999 _c932830
_d932830